| 000 | 00379nam a22001577a 4500 | ||
|---|---|---|---|
| 003 | SGT | ||
| 020 | _a9789388194167 | ||
| 082 |
_a615.4 _bP25H |
||
| 100 | _aHAJARE, A.A | ||
| 245 | _aA PRACTICAL BOOK OF PHYSICAL PHARMACEUTICS | ||
| 260 |
_aNEW DELHI _bBIRLA PUB _c2025 |
||
| 300 | _a59 | ||
| 650 | _aPHARMACY | ||
| 653 | _aPRACTICAL, PHYSICAL , PHARMACEUTICS | ||
| 942 |
_2ddc _cBK |
||
| 999 |
_c34802 _d34802 |
||